[Event "Indywidualne Mistrzostwa Polski Juniorow - C16"]
[Site "Szczyrk"]
[Date "2013-03-18"]
[Round "2.1"]
[White "Kowalczyk, Mariusz"]
[Black "Jarmula, Lukasz"]
[Result "1/2-1/2"]
[WhiteTitle "I"]
[BlackTitle "k"]
[WhiteElo "1940"]
[BlackElo "2164"]

1. Nf3 Nf6 2. c4 e6 3. Nc3 d5 4. d4 Bb4 5. e3 O-O 6. Bd3 c5 7. a3 Bxc3+ 8. bxc3
dxc4 9. Bxc4 b6 10. O-O Bb7 11. Qe2 Nbd7 12. Bd3 Ne4 13. Bb2 Qc7 14. Nd2 Nxd2
15. Qxd2 Nf6 16. Qe2 Be4 17. Bxe4 Nxe4 18. f3 Nd6 19. a4 cxd4 20. cxd4 Qc4 21.
Qf2 Rfc8 22. d5 Qc2 23. dxe6 Qxf2+ 24. Rxf2 fxe6 25. Bd4 Nf5 26. Rb2 Nd6 27. Rb4
Nb7 28. Rb2 Na5 29. Kf2 Kf7 30. f4 Rc4 31. Ke2 Rd8 32. Kd3 Rcc8 33. Rd1 Nc6 34.
Ke4 Ke7 35. g4 Na5 36. Rbb1 Nc4 37. Kf3 Kf7 38. Rb5 Rc5 39. Rb4 Na5 40. Rbb1 Rc2
41. Be5 Rcd2 42. Rxd2 Rxd2 43. Rc1 Rd7 44. Rc3 Nb7 45. Bd4 Nd6 46. Be5 Ne8 47.
e4 Rb7 48. Rd3 a6 49. g5 g6 50. Ke3 Ke7 51. Rb3 Nd6 52. Kd4 Nc8 53. Bf6+ Kd6 54.
Be5+ Kd7 55. Rh3 Ke8 56. Bf6 Rd7+ 57. Ke5 Nd6 58. Kxe6 Nxe4 59. Ke5 Nf2 60. Rc3
Nd3+ 61. Ke4 Nc5+ 62. Ke5 a5 63. h4 Kf7 64. h5 gxh5 65. f5 h4 66. Kf4 Rd3 67.
Rc2 Ra3 68. Kg4 Rxa4+ 69. Kh5 h3 70. Bd8 Rf4 71. Bxb6 Rxf5 72. Bxc5 h2 73. Rxh2
Rxc5 74. Kh6 Kg8 75. Rb2 Rc6+ 76. Kh5 Rc8 77. Rb7 Ra8 78. g6 hxg6+ 79. Kxg6 a4
80. Rb2 Kf8 81. Kf6 a3 82. Ra2 Ra5 83. Ke6 Kg7 84. Kd6 Kf6 85. Kc6 Ke5 86. Kb6
Ra8 87. Kc5 Ke4 88. Kc4 Ra7 89. Kb3 Kd3 1/2-1/2

[Event "Indywidualne Mistrzostwa Polski Juniorow - C16"]
[Site "Szczyrk"]
[Date "2013-03-18"]
[Round "2.2"]
[White "Kaczmarek, Aleksander"]
[Black "Chomczyk, Marek"]
[Result "0-1"]
[WhiteTitle "k"]
[BlackTitle "I+"]
[WhiteElo "2132"]
[BlackElo "1935"]

1. e4 e5 2. Nf3 Nc6 3. Bc4 Bc5 4. c3 Nf6 5. d4 exd4 6. e5 d5 7. Bb5 Ne4 8. cxd4
Bb6 9. Nc3 O-O 10. Be3 Bg4 11. Qc2 Bf5 12. Qb3 Ne7 13. Rd1 c6 14. Bd3 Nxc3 15.
Qxc3 Bxd3 16. Rxd3 f6 17. exf6 Rxf6 18. Bg5 Re6+ 19. Re3 Qd6 20. O-O Rxe3 21.
Qxe3 Nf5 22. Qd3 Rf8 23. Re1 h6 24. Bd2 Qf6 25. Bb4 Nd6 26. h3 Re8 27. Re5 Rxe5
28. dxe5 Qf5 29. Qxf5 Nxf5 30. Kf1 Kf7 31. b3 Ke6 32. Ke2 c5 33. Bc3 d4 34. Bd2
Kd5 35. g4 Ne7 36. Ne1 Kxe5 37. f4+ Kd5 38. f5 Bc7 39. Nd3 b5 40. Bf4 Bxf4 41.
Nxf4+ Ke4 42. Ne6 c4 43. bxc4 bxc4 44. Nxg7 d3+ 45. Kd1 c3 46. f6 Nd5 47. Nf5
d2 48. Kc2 Nb4+ 49. Kd1 Kd3 50. Nd4 Kxd4 51. Ke2 d1=Q+ 52. Kxd1 Kd3 53. f7 c2+
54. Kc1 Nxa2+ 0-1

[Event "Indywidualne Mistrzostwa Polski Juniorow - C16"]
[Site "Szczyrk"]
[Date "2013-03-18"]
[Round "2.3"]
[White "Siedlanowski, Lukasz"]
[Black "Snihur, Piotr"]
[Result "1-0"]
[WhiteTitle "I"]
[BlackTitle "I++"]
[WhiteElo "1900"]
[BlackElo "2085"]

1. d4 Nf6 2. c4 e6 3. Nf3 d5 4. cxd5 exd5 5. Nc3 c6 6. Bg5 Be7 7. e3 O-O 8. Be2
Bf5 9. O-O Nbd7 10. Rc1 Re8 11. a3 a5 12. Nd2 Bd6 13. Bh4 Qb6 14. Na4 Qa7 15.
Bg3 Bf8 16. Nc3 Rac8 17. Re1 b6 18. Bf1 Re6 19. f3 Rce8 20. Bf2 Qb7 21. g4 Nxg4
22. fxg4 Rg6 23. Kh1 Bxg4 24. Be2 Nf6 25. Rg1 h5 26. Nf3 Bd6 27. Nh4 Rh6 28. Bg3
Qb8 29. Qd2 Bh3 30. Bxd6 Qxd6 31. Rg3 Bg4 32. Bxg4 Nxg4 33. Nf5 Qb8 34. Nxh6+
gxh6 35. Qg2 Kh8 36. Rxg4 hxg4 37. Qxg4 Rxe3 38. Rg1 Qf8 39. Qf4 Re6 40. Na4 Qe7
41. Nxb6 Rf6 42. Qb8+ 1-0

[Event "Indywidualne Mistrzostwa Polski Juniorow - C16"]
[Site "Szczyrk"]
[Date "2013-03-18"]
[Round "2.4"]
[White "Koitka, Jakub"]
[Black "Lizak, Jakub"]
[Result "1-0"]
[WhiteTitle "I+"]
[BlackTitle "I"]
[WhiteElo "2007"]
[BlackElo "1893"]

1. e4 c5 2. Nf3 Nc6 3. d4 cxd4 4. Nxd4 Nf6 5. Nc3 e6 6. Ndb5 Bb4 7. a3 Bxc3+ 8.
Nxc3 d5 9. exd5 exd5 10. Bd3 O-O 11. O-O d4 12. Ne4 Bf5 13. Bg5 Bxe4 14. Bxe4
h6 15. Bh4 g5 16. Bxc6 bxc6 17. Bg3 Qd5 18. Re1 Rfe8 19. Qd3 Ne4 20. f3 Nc5 21.
Qd2 Rad8 22. Rxe8+ Rxe8 23. Rd1 Ne6 24. Re1 Qb5 25. Qb4 Qb6 26. Bf2 c5 27. Qxb6
axb6 28. a4 Kg7 29. Kf1 Kg6 30. b3 h5 31. Ra1 Ra8 32. Be1 Kf5 33. Bd2 Ke5 34.
Ke2 Kd5 35. h4 f6 36. hxg5 fxg5 37. Rh1 h4 38. Kd3 Re8 39. Ra1 Re7 40. a5 b5 41.
c4+ dxc3 42. Kxc3 b4+ 43. Kb2 Ra7 44. Rd1 Ke5 45. Re1+ Kf5 46. Ra1 Ra6 47. Kc2
Nf4 48. Bxf4 Kxf4 49. Kd3 Kg3 50. Ra2 Rc6 51. Kc4 Rc8 52. a6 Kh2 53. a7 Ra8 54.
Kxc5 1-0

[Event "Indywidualne Mistrzostwa Polski Juniorow - C16"]
[Site "Szczyrk"]
[Date "2013-03-18"]
[Round "2.5"]
[White "Mirski, Michal"]
[Black "Piotrowski, Przemyslaw"]
[Result "0-1"]
[WhiteTitle "I"]
[BlackTitle "I+"]
[WhiteElo "1895"]
[BlackElo "1996"]

1. e4 c5 2. Nc3 d6 3. Nge2 g6 4. g3 Bg7 5. Bg2 Nc6 6. d3 Nf6 7. h3 Nd4 8. Nxd4
cxd4 9. Ne2 e5 10. c3 dxc3 11. Nxc3 Be6 12. O-O O-O 13. Bg5 h6 14. Bd2 d5 15.
Kh2 dxe4 16. dxe4 Qb6 17. Qc1 Kh7 18. Be3 Qb4 19. Nd5 Nxd5 20. exd5 Rac8 21. Qe1
Qxe1 22. Rfxe1 Bf5 23. Bxa7 Rc2 24. g4 Bd7 25. a3 Rxb2 26. Reb1 Rxb1 27. Rxb1
b5 28. Bf1 Ra8 29. Bc5 Rc8 30. Be3 Rb8 31. a4 b4 32. a5 Bf8 33. Bb6 Bd6 34. Kg2
f5 35. f3 h5 36. gxh5 gxh5 37. Bc4 Rc8 38. Ba6 Rc2+ 39. Kh1 e4 40. fxe4 fxe4 41.
Bf1 Bf5 42. Rb3 Rc3 43. Rxc3 bxc3 44. Be3 c2 45. a6 Bc5 46. Bc1 e3 47. Kh2 Be4
48. Bc4 Kg7 49. Be2 h4 50. Kg1 Bb4 51. Bc4 Bxd5 52. a7 Bc5 53. Be2 Bxa7 54. Kf1
Be4 55. Bc4 Kg6 56. Ke2 Kf5 57. Ba6 Kf4 58. Ba3 Bf3+ 59. Ke1 Kg3 60. Bf1 Bc5 0-1

[Event "Indywidualne Mistrzostwa Polski Juniorow - C16"]
[Site "Szczyrk"]
[Date "2013-03-18"]
[Round "2.7"]
[White "Gierulski, Kamil"]
[Black "Tomaszewski, Kacper"]
[Result "1/2-1/2"]
[WhiteTitle "I"]
[BlackTitle "I++"]
[WhiteElo "1856"]
[BlackElo "1961"]

1. e4 c5 2. Nf3 e6 3. c3 Nf6 4. e5 Nd5 5. d4 cxd4 6. cxd4 d6 7. Bc4 Nb6 8. Bd3
Nc6 9. exd6 Bxd6 10. a3 h6 11. O-O O-O 12. Re1 Nd5 13. b4 b6 14. b5 Nce7 15. Ne5
Bxe5 16. dxe5 Ng6 17. Qc2 Qe8 18. Bb2 Bb7 19. Qb3 Ndf4 20. Be4 Bxe4 21. Rxe4 Qe7
22. Qf3 Rfd8 23. Nc3 Nd3 24. Qe2 Qg5 25. Nd1 Ngf4 26. Qf3 Ng6 27. Qe2 Nxb2 28.
Qxb2 Rd2 29. Qb4 Rad8 30. Ne3 Nxe5 31. h4 Qf6 32. Rf1 R2d4 33. Qb1 Rxe4 34. Qxe4
Nd3 35. h5 Nc5 36. Qc6 Qg5 37. Qf3 Qe5 38. Ng4 Qg5 39. Qg3 f5 40. Ne5 Qxg3 41.
fxg3 1/2-1/2

[Event "Indywidualne Mistrzostwa Polski Juniorow - C16"]
[Site "Szczyrk"]
[Date "2013-03-18"]
[Round "2.8"]
[White "Zadlo, Maciej"]
[Black "Zebracki, Tomasz"]
[Result "1/2-1/2"]
[WhiteTitle "I"]
[BlackTitle "I"]
[WhiteElo "1821"]
[BlackElo "1951"]

1. e4 d5 2. exd5 Qxd5 3. Nc3 Qa5 4. d4 Nf6 5. Bc4 Nc6 6. Nf3 Bg4 7. O-O O-O-O 8.
Ne2 Qh5 9. Ng3 Bxf3 10. gxf3 Qh3 11. c3 e5 12. Bg5 e4 13. Bxf6 gxf6 14. fxe4 Ne5
15. Qe2 Nxc4 16. Qxc4 h5 17. Qb5 c5 18. dxc5 Rg8 19. c6 bxc6 20. Qxc6+ Kb8 21.
Rad1 Be7 22. Rxd8+ Bxd8 23. Rd1 Bb6 24. Qd6+ Bc7 25. Qxf6 h4 26. Qxf7 Qg4 27.
f3 Qg5 28. Rd5 Qg6 29. Qxg6 Rxg6 30. e5 hxg3 31. hxg3 Rxg3+ 32. Kf2 Rh3 33. f4
Kb7 34. f5 Kc6 35. c4 Rh4 36. e6 Rxc4 37. e7 Re4 38. f6 Bd6 39. Rf5 Bxe7 40. fxe7
Rxe7 41. Rf3 Rh7 42. Rg3 Rf7+ 43. Rf3 Rh7 44. Ke3 Re7+ 45. Kd3 Rd7+ 46. Kc3 Rd6
47. b4 Rh6 48. a4 Kb7 49. Rf4 Rh5 50. Kc4 Rg5 51. Rd4 Kc7 52. Rd5 Rxd5 53. Kxd5
Kd7 54. Kc5 Kc7 55. Kb5 Kb7 56. Kc4 Kc6 57. b5+ Kb6 58. Kb4 a6 59. a5+ Kb7 60.
b6 Kb8 1/2-1/2

[Event "Indywidualne Mistrzostwa Polski Juniorow - C16"]
[Site "Szczyrk"]
[Date "2013-03-18"]
[Round "2.9"]
[White "Choina, Adam"]
[Black "Karwowski, Kacper"]
[Result "0-1"]
[WhiteTitle "II"]
[BlackTitle "I"]
[WhiteElo "1552"]
[BlackElo "1946"]

1. e4 c5 2. Nf3 e6 3. d4 cxd4 4. Nxd4 Nc6 5. Nc3 a6 6. Be3 Qc7 7. Be2 Nf6 8. O-O
Bb4 9. Na4 Be7 10. Nxc6 bxc6 11. Nb6 Rb8 12. Nxc8 Qxc8 13. Bd4 c5 14. Bc3 O-O
15. Qd3 Rb6 16. b3 d5 17. exd5 Nxd5 18. Bd2 Rd8 19. Ba5 Nc7 20. Qxd8+ Bxd8 21.
Bxb6 Bf6 22. Rad1 Nd5 23. Ba5 g5 24. Bc4 Nf4 25. Rd6 Qb7 26. f3 g4 27. Bd2 Ng6
28. Bh6 Nh4 29. Rfd1 Qb8 30. Kh1 Bd4 31. Bf4 Qa8 32. Bf1 gxf3 33. Rd2 f6 34. c3
Qe4 35. gxf3 Qxf4 36. R6xd4 cxd4 37. Rxd4 Qxf3+ 38. Kg1 Qe3+ 39. Kh1 Qe4+ 0-1

[Event "Indywidualne Mistrzostwa Polski Juniorow - C16"]
[Site "Szczyrk"]
[Date "2013-03-18"]
[Round "2.10"]
[White "Gajek, Radoslaw"]
[Black "Madrawski, Krzysztof"]
[Result "1-0"]
[WhiteTitle "k"]
[BlackTitle "II+"]
[WhiteElo "2273"]
[BlackElo "1711"]

1. e4 e6 2. d4 d5 3. Nd2 Nf6 4. e5 Nfd7 5. Bd3 c5 6. c3 Nc6 7. Ne2 cxd4 8. cxd4
Nb6 9. O-O a5 10. f4 g6 11. Nf3 Bd7 12. Qe1 Nb4 13. Bb1 Bb5 14. Qd1 a4 15. Rf2
Qd7 16. Nc3 Bc4 17. a3 Bb3 18. Qe1 Nc6 19. Nb5 Na5 20. Nd6+ Bxd6 21. exd6 Nc6
22. f5 gxf5 23. Bxf5 O-O-O 24. Bh3 Rde8 25. Ne5 Nxe5 26. dxe5 Nc4 27. Bf4 Rhg8
28. Bg3 Rg7 29. Rf6 Kb8 30. Qf2 Rc8 31. Rf1 Qe8 32. Rxf7 Rxf7 33. Qxf7 Qxf7 34.
Rxf7 Nd2 35. Rc7 Rf8 36. Rc1 d4 37. Bh4 Ne4 38. d7 d3 39. Bg4 d2 40. Rf1 Rg8 41.
d8=Q+ Rxd8 42. Bxd8 Nc5 43. Bb6 1-0

[Event "Indywidualne Mistrzostwa Polski Juniorow - C16"]
[Site "Szczyrk"]
[Date "2013-03-18"]
[Round "2.11"]
[White "Kulas, Szymon"]
[Black "Fronczak, Sebastian"]
[Result "1-0"]
[WhiteTitle "I++"]
[BlackTitle "II+"]
[WhiteElo "2088"]
[BlackElo "1825"]

1. d4 Nf6 2. c4 c5 3. d5 b5 4. cxb5 a6 5. bxa6 Bxa6 6. Nc3 d6 7. e4 Bxf1 8. Kxf1
Nbd7 9. Nf3 g6 10. g3 Bg7 11. Kg2 O-O 12. a4 Qb6 13. Qc2 Qb4 14. Ra3 Rfb8 15.
Re1 Ne8 16. Nb5 Nb6 17. b3 c4 18. Bd2 cxb3 19. Qb1 Qc5 20. Rxb3 Nc4 21. Bb4 Qb6
22. Bd2 Nxd2 23. Nxd2 Qa5 24. Nxd6 Rxb3 25. Nxb3 Qb4 26. Nxe8 Rxe8 27. a5 Bc3
28. Rd1 Rb8 29. a6 Qxb3 1-0

[Event "Indywidualne Mistrzostwa Polski Juniorow - C16"]
[Site "Szczyrk"]
[Date "2013-03-18"]
[Round "2.12"]
[White "Eggink, Ryszard"]
[Black "Nun, Grzegorz"]
[Result "1-0"]
[WhiteTitle "I++"]
[BlackTitle "II+"]
[WhiteElo "2080"]
[BlackElo "1851"]

1. d4 Nf6 2. c4 c5 3. d5 b5 4. cxb5 a6 5. f3 d6 6. e4 Nbd7 7. Nc3 g6 8. Qa4 Nb6
9. Qc2 Bg7 10. Be3 O-O 11. a4 a5 12. O-O-O Nfd7 13. h4 Ne5 14. h5 f5 15. hxg6
hxg6 16. Nh3 Kf7 17. Ng5+ Ke8 18. Rh7 Bf6 19. Ne6 Bxe6 20. dxe6 Qc7 21. exf5 g5
22. Ne4 Qb8 23. Nxf6+ exf6 24. f4 gxf4 25. Bxf4 Rg8 26. Bxe5 dxe5 27. Qxc5 Qc8
28. Re7+ Kf8 29. Rc7+ 1-0

[Event "Indywidualne Mistrzostwa Polski Juniorow - C16"]
[Site "Szczyrk"]
[Date "2013-03-18"]
[Round "2.13"]
[White "Niekras, Dawid"]
[Black "Rosicki, Marcin"]
[Result "1-0"]
[WhiteTitle "I"]
[BlackTitle "I"]
[WhiteElo "1956"]
[BlackElo "1722"]

1. e4 e5 2. Nf3 Nc6 3. Bb5 a6 4. Ba4 b5 5. Bb3 Nf6 6. O-O Be7 7. Re1 d6 8. c3 O-O
9. h3 Na5 10. Bc2 d5 11. Nxe5 dxe4 12. b4 Bd6 13. d4 exd3 14. Bxd3 Bxe5 15. Rxe5
Nc4 16. Re1 Be6 17. Qc2 h6 18. Nd2 Nxd2 19. Bxd2 Qc8 20. a4 c5 21. axb5 c4 22.
Be4 Nxe4 23. Qxe4 axb5 24. Rxa8 Qxa8 25. Qxa8 Rxa8 26. Be3 Kf8 27. Bd4 Ra6 28.
Re5 Bd7 29. Bc5+ Kg8 30. Re7 Ra1+ 31. Kh2 Bc6 32. Rc7 Ra6 33. g4 Bd5 34. Kg3 Kh7
35. Rd7 Be6 36. Rb7 Bd5 37. Rxb5 Rf6 38. Bd4 Rf3+ 39. Kh2 Be6 40. Kg2 Rd3 41.
Rc5 g6 42. Rb5 Bd7 43. Rc5 Be6 44. b5 Rd1 45. b6 Rb1 46. Rc7 h5 47. gxh5 gxh5
48. Kg3 Kg6 49. Bc5 Rb5 50. Be3 Rb3 51. Bd4 Rb1 52. h4 Rb3 53. Rc5 f6 54. Rc6
Kf7 55. Kf4 Rb1 56. Rc7+ Kg6 57. Ke4 Re1+ 58. Be3 Rd1 59. Bd4 Re1+ 60. Kf4 Rb1
61. Rc6 Kf7 62. Ke3 Rb2 63. Bc5 Rb5 64. Kd4 f5 65. Ke5 Bd7 66. Rc7 Ke8 67. Kd6
f4 68. Rxd7 Rxc5 69. Re7+ Kd8 70. Kxc5 Kxe7 71. b7 Kf6 1-0

[Event "Indywidualne Mistrzostwa Polski Juniorow - C16"]
[Site "Szczyrk"]
[Date "2013-03-18"]
[Round "2.14"]
[White "Delekta, Filip"]
[Black "Gladysz, Jakub"]
[Result "1-0"]
[WhiteTitle "I+"]
[BlackTitle "II+"]
[WhiteElo "1934"]
[BlackElo "1798"]

1. e4 c5 2. Nf3 e6 3. d4 cxd4 4. Nxd4 Nc6 5. Nc3 Qc7 6. Be2 Nf6 7. Be3 a6 8. f4
Bb4 9. Bf3 e5 10. Nde2 O-O 11. Qd2 Na5 12. g3 d5 13. a3 Bxc3 14. Qxc3 Qxc3+ 15.
Nxc3 dxe4 16. fxe5 Ng4 17. Bxg4 Bxg4 18. h3 Bf5 19. g4 Bg6 20. O-O-O Rac8 21.
Kb1 Nc6 22. Rd5 Rfd8 23. Rhd1 Rxd5 24. Nxd5 h5 25. Nb6 Re8 26. gxh5 Bxh5 27. Rd7
Bf3 28. Rxb7 Bg2 29. Nc4 Bxh3 30. Nd6 Rxe5 31. Rb6 Ne7 32. Rb8+ Kh7 33. Nxf7 Rh5
34. Re8 Nd5 35. Bd4 Nf6 36. Re7 Rd5 37. Bxf6 gxf6 38. Ng5+ Kg6 39. Nxh3 Kf5 40.
Nf2 Re5 41. Rxe5+ Kxe5 42. Kc1 e3 43. Ng4+ Kf4 44. Nxf6 Kf3 45. Kd1 e2+ 46. Kd2
Kf2 47. Ng4+ Kf3 48. Ne5+ Kf2 49. Nd3+ 1-0

[Event "Indywidualne Mistrzostwa Polski Juniorow - C16"]
[Site "Szczyrk"]
[Date "2013-03-18"]
[Round "2.15"]
[White "Pawlowski, Maciej"]
[Black "Kucza, Karol"]
[Result "0-1"]
[WhiteTitle "I"]
[BlackTitle "I+"]
[WhiteElo "1716"]
[BlackElo "1886"]

1. e4 e5 2. Nf3 Nc6 3. Bc4 Bc5 4. c3 Nf6 5. d3 d6 6. Bg5 h6 7. Bh4 g5 8. Bg3 Be6
9. Nbd2 Bb6 10. b4 Qd7 11. a4 a5 12. Bb5 O-O 13. O-O Qe7 14. Bxc6 bxc6 15. Qc2
Nh5 16. Rfb1 axb4 17. Rxb4 f5 18. exf5 Bxf5 19. a5 Bc5 20. Rb7 Nxg3 21. hxg3 g4
22. Nh4 Bxf2+ 23. Kh2 Qg5 24. Rf1 Qe3 25. Nxf5 Rxf5 26. Qb3+ d5 0-1

[Event "Indywidualne Mistrzostwa Polski Juniorow - C16"]
[Site "Szczyrk"]
[Date "2013-03-18"]
[Round "2.16"]
[White "Czerw, Dawid"]
[Black "Czajkowski, Adam"]
[Result "1/2-1/2"]
[WhiteTitle "I+"]
[BlackTitle "I+"]
[WhiteElo "1947"]
[BlackElo "1923"]

1. d4 Nf6 2. c4 c5 3. d5 e5 4. Nc3 d6 5. e4 g6 6. g3 Bg7 7. Bg2 O-O 8. Nge2 Nh5
9. O-O f5 10. f4 Nd7 11. Bf3 Nhf6 12. exf5 gxf5 13. Qc2 e4 14. Bg2 h5 15. h3 Re8
16. Be3 a6 17. a4 b6 18. Bd2 Ra7 19. Nd1 Nf8 20. Ne3 Bh6 21. b4 Rg7 22. a5 h4
23. axb6 Qxb6 24. bxc5 Qxc5 25. Ra5 Qa7 26. c5 Nh5 27. cxd6 Nxg3 28. Nxg3 Rxg3
29. Rc5 Bd7 30. Rc7 Qd4 31. Qc3 Bg7 32. Qxd4 Bxd4 33. Re1 Rb8 34. Rc4 Ba7 35.
Kh1 Rb3 36. Nc2 Rgd3 37. Bc1 Rxd5 38. Bf1 Bb5 39. Rc7 Bxf1 40. Rxa7 Rxh3+ 41.
Kg1 Bd3 42. Re3 Rf3 43. Rxf3 exf3 44. Bb2 Ne6 45. Nb4 Rxd6 46. Be5 Rd8 47. Nc6
Rf8 48. Ne7+ Kf7 49. Nxf5+ Kg6 50. Nxh4+ Kh5 51. Nxf3 Nxf4 52. Bxf4 Rxf4 53. Kf2
Be4 1/2-1/2

[Event "Indywidualne Mistrzostwa Polski Juniorow - C16"]
[Site "Szczyrk"]
[Date "2013-03-18"]
[Round "2.17"]
[White "Szeglowski, Tomasz"]
[Black "Ulanowski, Karol"]
[Result "0-1"]
[WhiteTitle "I"]
[BlackTitle "I++"]
[WhiteElo "1801"]
[BlackElo "2118"]

1. c4 Nf6 2. Nc3 g6 3. b3 Bg7 4. Bb2 d6 5. Nf3 O-O 6. g3 e5 7. d4 e4 8. Ng5 Re8
9. Bg2 e3 10. f3 d5 11. O-O h6 12. Nh3 Nc6 13. c5 g5 14. Qd3 Nh5 15. Nd1 Qe7 16.
g4 Nf4 17. Nxf4 gxf4 18. Nc3 Rd8 19. Nb5 a6 20. Na3 b6 21. cxb6 cxb6 22. Rac1
Nb4 23. Qb1 Be6 24. Nc2 Rac8 25. Bc3 a5 26. Bxb4 axb4 27. Qb2 Rc6 28. Rfd1 Rdc8
29. Ne1 Bxd4 30. Qb1 Bc3 31. Nd3 Qf6 32. Rc2 Bd2 33. Rxc6 Rxc6 34. Qb2 Bc8 35.
Qxf6 Rxf6 36. a3 bxa3 37. Ra1 Ba6 38. Bf1 Bxd3 39. exd3 Re6 40. Be2 Rc6 0-1

[Event "Indywidualne Mistrzostwa Polski Juniorow - C16"]
[Site "Szczyrk"]
[Date "2013-03-18"]
[Round "2.18"]
[White "Klimek, Piotr"]
[Black "Sliwicki, Damian"]
[Result "1/2-1/2"]
[WhiteTitle "I"]
[BlackTitle "I"]
[WhiteElo "1789"]
[BlackElo "2028"]

1. e4 c5 2. Nf3 d6 3. d3 Nc6 4. g3 g6 5. Bg2 Bg7 6. O-O e6 7. c3 Nge7 8. Be3 O-O
9. d4 cxd4 10. Nxd4 d5 11. exd5 exd5 12. Na3 Be6 13. Nac2 Ne5 14. Nxe6 fxe6 15.
Nd4 Qd7 16. Bg5 Rae8 17. Bxe7 Rxe7 18. Re1 Kh8 19. Bh3 Rfe8 20. f4 Nc6 21. Nf3
Qd6 22. Qd2 e5 23. fxe5 Nxe5 24. Nxe5 Rxe5 25. Rxe5 Qxe5 26. Rd1 Rd8 27. Bg2 d4
28. cxd4 Qxd4+ 29. Qxd4 Bxd4+ 30. Kf1 b6 31. b3 Rf8+ 32. Ke1 Bg1 33. h3 Bf2+ 34.
Ke2 Bxg3 35. Rf1 Rc8 36. Kd3 Kg7 37. Bd5 Rc7 38. Bc4 Be5 39. Ke4 Bf6 40. Rd1 Re7+
41. Kf3 Kh6 42. Rd6 Bg5 43. Re6 Rf7+ 44. Kg3 Bf4+ 45. Kg4 Bc7 46. h4 Rf4+ 47.
Kh3 Bd8 48. Kg3 Rxh4 49. Re2 Rd4 50. Re8 Kg5 51. Re5+ Kf6 52. Rd5 Bc7+ 53. Kh3
Rxd5 54. Bxd5 h5 55. Bf3 Ke5 56. a4 Kd4 57. Kh4 Bd8+ 58. Kg3 Ke3 59. Bd5 Bc7+
60. Kh4 Bf4 61. Bf7 g5+ 62. Kxh5 Kf3 63. Be6 Bd2 64. Bd7 Kf4 65. Bc8 a6 66. Bd7
Kf3 67. Bg4+ Ke4 68. Bd7 Kd5 69. Bc8 a5 70. Ba6 Kc5 71. Kg4 Kb4 72. Bc4 Bc1 73.
Bg8 Bd2 74. Bf7 Be3 75. Be6 1/2-1/2

[Event "Indywidualne Mistrzostwa Polski Juniorow - C16"]
[Site "Szczyrk"]
[Date "2013-03-18"]
[Round "2.19"]
[White "Smal, Tobiasz"]
[Black "Molenda, Marcin"]
[Result "1-0"]
[WhiteTitle "I"]
[BlackTitle "I"]
[WhiteElo "1915"]
[BlackElo "1813"]

1. e4 e5 2. Nf3 Nc6 3. Bc4 Nf6 4. d3 Bc5 5. O-O h6 6. c3 O-O 7. b4 Bb6 8. a4 a6
9. a5 Ba7 10. Be3 d5 11. exd5 Nxd5 12. Bxa7 Rxa7 13. Re1 Qd6 14. Nfd2 Nf4 15.
Qf3 Qg6 16. Qg3 Rd8 17. Qxg6 Nxg6 18. g3 b5 19. axb6 cxb6 20. Re3 Nge7 21. Ne4
Nd5 22. Bxd5 Rxd5 23. f3 a5 24. b5 Ne7 25. c4 Rd8 26. Nf2 f6 27. g4 h5 28. Nc3
Rad7 29. Na4 Rd6 30. Ne4 Rxd3 31. Rxd3 Rxd3 32. Nxb6 Rxf3 33. Nxc8 Nxc8 34. Rxa5
Kh7 35. c5 hxg4 36. Ra8 Ne7 37. b6 Rb3 38. Nd6 Nc6 39. b7 e4 40. Rc8 e3 41. Kf1
Nd4 42. b8=Q e2+ 43. Ke1 Re3 44. Rh8+ Kg6 45. Qe8+ 1-0

[Event "Indywidualne Mistrzostwa Polski Juniorow - C16"]
[Site "Szczyrk"]
[Date "2013-03-18"]
[Round "2.20"]
[White "Kowalski, Maciej"]
[Black "Maciejewski, Mikolaj"]
[Result "1-0"]
[WhiteTitle "I"]
[BlackTitle "II+"]
[WhiteElo "1877"]
[BlackElo "1733"]

1. d4 c5 2. d5 d6 3. c4 Nf6 4. Nc3 g6 5. e4 Bg7 6. h3 O-O 7. Nf3 e6 8. Bd3 exd5
9. cxd5 a6 10. a4 Re8 11. O-O Nbd7 12. Bf4 Qe7 13. Qc2 Nh5 14. Be3 Ne5 15. Nxe5
Qxe5 16. f4 Qe7 17. Rae1 Bd7 18. a5 Qd8 19. g4 Nf6 20. Bf2 Qxa5 21. e5 dxe5 22.
fxe5 Nxg4 23. hxg4 Bxg4 24. Bg3 Rad8 25. Qf2 Rd7 26. Ne4 Bh3 27. Nf6+ Bxf6 28.
exf6 Red8 29. Qe3 Qb4 30. Qe8+ 1-0

[Event "Indywidualne Mistrzostwa Polski Juniorow - C16"]
[Site "Szczyrk"]
[Date "2013-03-18"]
[Round "2.21"]
[White "Mrozowski, Patryk"]
[Black "Smieszek, Wojciech"]
[Result "1/2-1/2"]
[WhiteTitle "I"]
[BlackTitle "I"]
[WhiteElo "1723"]
[BlackElo "1873"]

1. e4 c5 2. Nf3 Nc6 3. d4 cxd4 4. Nxd4 g6 5. Nc3 Bg7 6. Be3 Nf6 7. f3 O-O 8. g4
Qb6 9. Na4 Qa5+ 10. Nc3 Rd8 11. Nb3 Qc7 12. g5 Nh5 13. Qd2 a6 14. Nd5 Qe5 15.
c3 b5 16. Bg2 a5 17. Bb6 Rf8 18. Nc5 Bh8 19. f4 Qg7 20. Nc7 Rb8 21. Nd5 e6 22.
Bc7 exd5 23. exd5 Re8+ 24. Kf2 Qf8 25. Ne4 Rxe4 26. Bxe4 Rb7 27. d6 b4 28. Rhe1
bxc3 29. bxc3 Nxf4 30. Qxf4 Bxc3 31. Bxc6 dxc6 32. Reb1 Bxa1 33. Rxb7 Bxb7 34.
d7 Qc5+ 35. Kg3 Qc3+ 36. Kh4 Qe1+ 37. Qg3 Qe4+ 38. Qg4 Qe1+ 39. Kh3 Qf1+ 40. Kh4
Qf2+ 41. Kh3 1/2-1/2

[Event "Indywidualne Mistrzostwa Polski Juniorow - C16"]
[Site "Szczyrk"]
[Date "2013-03-18"]
[Round "2.22"]
[White "Buraczewski, Rafal"]
[Black "Wisniewski, Szymon"]
[Result "1/2-1/2"]
[WhiteTitle "I"]
[BlackTitle "II+"]
[WhiteElo "1825"]
[BlackElo "1731"]

1. d4 Nf6 2. Nf3 c5 3. d5 b5 4. c4 g6 5. Qc2 d6 6. b3 Bf5 7. Qd1 Bg7 8. Bb2 bxc4
9. bxc4 Qb6 10. Bc3 O-O 11. Nbd2 Na6 12. Nh4 Bd7 13. Rb1 Qc7 14. e4 Rab8 15. Bd3
Nb4 16. Bxb4 Rxb4 17. Rxb4 cxb4 18. O-O a5 19. Qc2 Rc8 20. Rc1 Qb6 21. Nhf3 Ng4
22. Rf1 Bb5 23. Qb3 Ba6 24. h3 Ne5 25. Nxe5 Bxe5 26. Nb1 Qc5 27. Rc1 e6 28. dxe6
fxe6 29. Qa4 Bd4 30. Qd7 Bxf2+ 31. Kh1 Qe5 32. Nd2 Bc5 33. Nf3 Qg7 34. Qxe6+ Qf7
35. Qg4 Be3 36. Rf1 h5 37. Qg3 Bf4 38. Qf2 Rf8 39. Qd4 Bg3 40. Nd2 Qg7 41. Qd5+
Kh7 42. Qxa5 Rxf1+ 43. Nxf1 Qd4 44. Qd5 Qxd5 45. exd5 Bf4 46. g3 Bc1 47. Nh2 Kg7
48. Nf3 Kf6 49. h4 Be3 50. Kg2 Bc8 51. Ne1 Bg4 52. Nc2 Bc5 1/2-1/2

[Event "Indywidualne Mistrzostwa Polski Juniorow - C16"]
[Site "Szczyrk"]
[Date "2013-03-18"]
[Round "2.23"]
[White "Mazur, Bartlomiej"]
[Black "Drop, Szymon"]
[Result "1-0"]
[WhiteTitle "I"]
[BlackTitle "I"]
[WhiteElo "1674"]
[BlackElo "1818"]

1. e4 e5 2. Nf3 Nc6 3. d4 exd4 4. Nxd4 Bc5 5. Be3 Qf6 6. c3 Nge7 7. g3 O-O 8. Bg2
d6 9. O-O Bd7 10. Nc2 Rad8 11. Nd2 b5 12. Nb3 Bb6 13. Bxb6 axb6 14. a3 Ne5 15.
Ne3 c5 16. f4 N5c6 17. Rf2 Be6 18. Nd5 Bxd5 19. exd5 Na5 20. Nxa5 bxa5 21. Qc2
Rfe8 22. Re1 Nf5 23. Be4 g6 24. Rfe2 Ng7 25. Re3 Kf8 26. Qe2 b4 27. Qc4 Rb8 28.
R3e2 Qd8 29. cxb4 axb4 30. a4 f5 31. Bf3 b3 32. Qc3 Rxe2 33. Bxe2 Rb4 34. Bb5
Kf7 35. Kf2 Qc7 36. Re2 Qb7 37. Qe3 Qa7 38. Kf1 Qc7 39. Bc6 Qa7 40. a5 Qc7 41.
a6 Rb8 42. h3 Kf8 43. Bb7 Rxb7 44. axb7 Qxb7 45. g4 h6 46. Qc3 Qxd5 47. Qf6+ Kg8
48. Re7 Qf3+ 49. Ke1 Qg3+ 50. Ke2 Qg2+ 51. Kd3 Qf1+ 52. Kc3 Qf3+ 53. Kc4 Qf1+
54. Kxb3 Qd1+ 55. Kc4 Qa4+ 56. Kd5 Qb3+ 57. Kc6 Qa4+ 58. Kxd6 Qxf4+ 59. Qe5 Qd2+
60. Kc6 Qg2+ 61. Kb6 1-0

[Event "Indywidualne Mistrzostwa Polski Juniorow - C16"]
[Site "Szczyrk"]
[Date "2013-03-18"]
[Round "2.24"]
[White "Kindler, Przemyslaw"]
[Black "Kruszynski, Krzysztof"]
[Result "0-1"]
[WhiteTitle "I"]
[BlackTitle "II"]
[WhiteElo "1817"]
[BlackElo "1664"]

1. e4 e6 2. Nf3 d5 3. exd5 exd5 4. d4 c5 5. Bf4 Nf6 6. c3 Be7 7. dxc5 Bxc5 8. Bb5+
Nc6 9. O-O O-O 10. Nbd2 Bg4 11. Bg5 Qd6 12. b4 Bb6 13. Re1 Rad8 14. Qc2 Rfe8 15.
a3 a5 16. Bh4 Qc7 17. Rac1 Rc8 18. bxa5 Bxa5 19. Qa4 Bxf3 20. Nxf3 Rxe1+ 21. Nxe1
Ne4 22. Bg3 Nxg3 23. hxg3 Bb6 24. Nf3 Qxg3 25. Rf1 Ne5 26. Nxe5 Qxe5 27. Bd7 Rd8
28. Bg4 h5 29. Bf3 Bc7 30. Qh4 g6 31. Rd1 Qxc3 32. Qg5 Re8 33. Kf1 Ba5 34. Kg1
Re1+ 35. Kh2 Bc7+ 36. g3 Qxf3 37. Rxe1 Qxf2+ 38. Kh3 Qxe1 39. Kg2 Qe2+ 40. Kh3
Qg4+ 41. Qxg4 hxg4+ 42. Kxg4 f5+ 43. Kf3 Kf7 44. a4 Ke6 45. g4 f4 46. Ke2 d4 47.
Kd3 Kd5 48. g5 Bd8 49. Ke2 Bxg5 50. Kd3 f3 51. a5 f2 52. Ke2 Be3 0-1